Quizzes
Events
Quiz Creation
Community
Videos
Private Events
Remove Ads
Sign In
Join for FREE
Feedback
Dark Mode
Quiz Categories
Sports
Geography
Music
Movies
Television
Just For Fun
Miscellaneous
History
Literature
Language
Science
Gaming
Entertainment
Religion
Holiday
For Kids
Quiz Lab
Recent
Popular Today
Quiz Kudos Today
Editor Picks
Curator Picks
Quizzes by...
Day
Popularity
Type
Ratings
Length
Year
Community
Subscriptions
Recent Discussions
Orange Saloon
Badges
Playlists
Quests
Create
Leaderboards
Showdown
Live 5
Trivia Bingo
Activity
Puzzle Library
Sporcle Events
Private Events
Virtual Trivia
Globe League
Become a Host
Pub Owners
SporcleCon
Opinionation
Our Games
Videos
Blog
Mobile Apps
Partnerships
Remove Ads and Go Orange
Feedback
Movies
Disney
Marvel Cinematic Universe
Movie Resume
Movie Titles
Oscar
Actor
Actress
Director
Pixar
Role
Movie Quotes
Movie Characters
Box Office
Nominee
Best Picture
Star Wars
James Bond
Horror Movies
Movies
Disney
Marvel Cinematic Universe
Movie Resume
Movie Titles
Oscar
Actor
Actress
Director
Pixar
Role
Movie Quotes
Movie Characters
Box Office
Nominee
Best Picture
Star Wars
James Bond
Horror Movies
Random Quiz
Search Sporcle
×
Quiz Lab
Quiz Lab
Movies
richard
Type in answers that appear in a list
Type in answers that appear in a list
Classic
Best Score? Go Orange.
Richard Roeper's Worst of the 2010s Stats
Can you name Richard Roeper's Worst of the 2010s?
By
ghcgh
14m
80 Questions
70 Plays
70 Plays
70 Plays
Comments
Comments
Give Quiz Kudos
Give Quiz Kudos
-
- Ratings
hide this ad
Replay
Link that replays current quiz
Next Quiz
Link to next quiz in quiz playlist
You Got
0%
They Got
Avg Score
28%
Avg Friend Score
Upgrade to see
Score Distribution
Jump to the score distribution portion of the page
Score
0/80
Timer
14:00
0
Plays Today
Hint
Answer
% Correct
Worst of 2011
Transformers: Dark of the Moon
74.3%
Worst of 2010
Sex & the City 2
72.9%
Worst of 2011
Jack & Jill
71.4%
Worst of 2011
The Hangover Pt II
68.6%
Worst of 2010
Grown Ups
65.7%
Worst of 2012
Taken 2
55.7%
Worst of 2013
Grown Ups 2
54.3%
Worst of 2015
Fantastic 4
54.3%
Worst of 2011
Just Go With It
51.4%
Worst of 2015
Jupiter Ascending
51.4%
Worst of 2016
Ghostbusters
48.6%
Worst of 2016
Bad Santa 2
45.9%
Worst of 2010
Jonah Hex
45.7%
Worst of 2014
Lucy
45.7%
Worst of 2017
The Mummy
45.5%
Worst of 2012
That's My Boy
44.3%
Worst of 2013
The Lone Ranger
44.3%
Worst of 2016
Dirty Grandpa
43.2%
Worst of 2015
Vacation
42.9%
Worst of 2013
Movie 43
41.4%
Worst of 2014
Blended
41.4%
Worst of 2015
Hot Tub TIme Machine 2
41.4%
Worst of 2017
Baywatch
40.9%
Worst of 2016
Collateral Beauty
40.5%
Worst of 2016
Independence Day: Resurgence
40.5%
Worst of 2011
The Sitter
38.6%
Worst of 2011
The Green Hornet
38.6%
Worst of 2016
Why Him?
37.8%
Worst of 2015
Magic Mike XXL
37.1%
Worst of 2015
The Cobbler
37.1%
Worst of 2017
Pitch Perfect 3
36.4%
Worst of 2011
Red Riding Hood
35.7%
Worst of 2013
Now You See Me
35.7%
Worst of 2013
A Good Day to Die Hard
35.7%
Worst of 2016
Now You See Me 2
35.1%
Worst of 2011
Sucker Punch
34.3%
Worst of 2014
Sex Tape
32.9%
Worst of 2014
Winter's Tale
32.9%
Worst of 2017
A Bad Moms Christmas/Daddy's Home 2
31.8%
Worst of 2014
Left Behind
31.4%
Hint
Answer
% Correct
Worst of 2014
The Other Woman
30%
Worst of 2015
The Last Witch Hunter
30%
Worst of 2016
London Has Fallen
29.7%
Worst of 2010
Splice
28.6%
Worst of 2011
Drive Angry
28.6%
Worst of 2013
White House Down
28.6%
Worst of 2017
Valerian & the City of Thousand Planets
27.3%
Worst of 2014
Horrible Bosses 2
27.1%
Worst of 2016
Mothers' Day
27%
Worst of 2010
The Switch
24.3%
Worst of 2010
When in Rome
24.3%
Worst of 2015
The Age of Adaline
24.3%
Worst of 2010
You Again
22.9%
Worst of 2010
Death at a Funeral
22.9%
Worst of 2010
From Paris with Love
22.9%
Worst of 2012
The Watch
22.9%
Worst of 2012
Playing for Keeps
22.9%
Worst of 2012
The Vow
22.9%
Worst of 2013
Evil Dead
22.9%
Worst of 2013
G.I. Joe: Retaliation
22.9%
Worst of 2017
The Circle
22.7%
Worst of 2017
Ghost in the Shell
22.7%
Worst of 2011
The Thing
21.4%
Worst of 2013
Safe Haven
21.4%
Worst of 2015
By the Sea
21.4%
Worst of 2012
Red Lights
20%
Worst of 2014
That Awkward Moment
20%
Worst of 2016
Morgan
18.9%
Worst of 2012
Hit & Run
18.6%
Worst of 2012
Bachelorette
18.6%
Worst of 2013
Girl Most Likely
18.6%
Worst of 2012
This Means War
17.1%
Worst of 2012
Joyful Noise
17.1%
Worst of 2014
Before I Go to Sleep
17.1%
Worst of 2015
Heist
17.1%
Worst of 2010
The Back-Up Plan
15.7%
Worst of 2017
Kingsman: The Golden Circle
13.6%
Worst of 2014
If I Stay
12.9%
Worst of 2017
Everything, Everything
9.1%
Worst of 2017
The Mountain Between Us
9.1%
Quiz Playlist
Details
Report
Send in Message
Add To Playlist
Classic:
Type in answers that appear in a list
Last Updated: Feb 16, 2017
Quiz Scoreboard
CHALLENGE
Sign Up to Join the Scoreboard
Show All
Scores
Hide
Comments
May contain spoilers
Recently Published
Street Fighter Characters
by Artimus82
Gaming
60s
9x9 Crossword: Cartoon Network
by jackfrog10
Miscellaneous
3m
College Basketball Coaching Resumes
by pancakes188
Sports
9m
More to Explore
Quiz From the Vault
Featured Blog Post
Where Did the Easter Bunny Come From?
hide this ad
You Might Also Like...
Tags
2010
richard
Worst
Today's Top Quizzes in Movies
Browse Movies
hide this ad
Today's Top Quizzes in richard
Browse richard
Top Contributed Quizzes in Movies
1
Pick 5 Posters: Directed by Spielberg
2
7-to-1: Pixar Characters
3
Pick 5 Posters: Lowest-Rated Spielberg
4
Hidden Star Wars Character II
5
Sorting Actors
6
Sorting Actresses
7
Pick 5 Posters: Directed by Scorsese
8
Hidden Star Wars Character III
9
Pick 5 Posters: Star & Director
10
Hidden Star Wars Character IV
Explore More
Trending Topics
NBA
Harry Potter
Marvel
Disney
Crossword
Kpop
Anime
WWE
NFL
The Office
Song
Soccer
Country
Puzzle
Pokémon
hide this ad
More By:
ghcgh
Quiz
Plays
Rating
Category
Featured
Created
1990s Song Title Beginnings
155,655
4.58
Music
Aug 31, 2017
3 Movies, 1 Missing Word III
148,799
4.54
Movies
Mar 6, 2016
3 Movies, 1 Missing Word II
147,920
4.51
Movies
Dec 18, 2015
1980s Song Title Beginnings
139,851
4.68
Music
May 21, 2017
3 Songs, 1 Missing Word II
118,485
4.63
Music
Nov 4, 2015
Go to Creator's Profile
Score Distribution
Quiz Creator Spotlight
ghcgh
Follow
Send a Message
Quizzes Created
-
Created Quiz Play Count
-
More By This Creator
Popular Quizzes Today
1
Find the US States - No Outlines Minefield
2
Find the Countries of Europe - No Outlines Minefield
3
The Countries of the World
4
Find the US States
5
Risky Map Clicking: Biggest States A-Z
6
US States
7
Popular People in 1961
8
Movies - When Are They Set?
More Movies Quizzes
Fishy Movie Titles Part 2
Curator's Pick
Trending Quizzes
Risky Map Clicking: Least Populous States A-Z
1-10 Letter G Words
Risky Map Clicking: Next State Alphabetically
Adjectives in 80s TV Shows
The Seven Year Switch: Catherine
Recently Updated
Leaping Animals
pecheneg
Reality TV Shows (A-Z)
bhenderson79
Rickey Henderson's Hall of Fame Teammates
pecheneg
Champions League XIs: Arsenal
pecheneg
Quick Pick: Celebrities in WWE's Hall of Fame
aduchscher
A-Z Keypad Blitz II
pecheneg
Multiple Oscar Actors
pecheneg
Mystery Phrase Blitz: Oscar 'Best Actors'
pecheneg
F. Scott Fitzgerald Novels
LTH
Pick 3 Villains
ddd62291
Trending Topics
NBA
Anime
Harry Potter
Crossword
Kpop
Marvel
Disney
Song
Pokémon
Country
The Office
Puzzle
Soccer
WWE
NFL
Your Account Isn't Verified!
In order to create a playlist on Sporcle, you need to verify the email address you used during registration. Go to your
Sporcle Settings
to finish the process.
Report this User
Report this user for behavior that violates our
Community Guidelines
.
Details:
Send Report
Go to the Sporcle.com Mobile Site →
Comments